书目信息 |
| 题名: |
NB-IoT原理和优化
|
|
| 作者: | 陈铭 主编 | |
| 分册: | ||
| 出版信息: | 北京 人民邮电出版社 2020.01 |
|
| 页数: | 335页 | |
| 开本: | 26cm | |
| 丛书名: | ||
| 单 册: | ||
| 中图分类: | TP393.4 , TP18 | |
| 科图分类: | ||
| 主题词: | 互联网络--hu lian wang luo--应用 , 智能技术--zhi neng ji shu--应用 | |
| 电子资源: | ||
| ISBN: | 978-7-115-52180-4 | |
| 000 | 01142nam0 2200289 450 | |
| 001 | 202020141073 | |
| 005 | 20200926181358.0 | |
| 010 | @a978-7-115-52180-4@dCNY128.00 | |
| 100 | @a20200919d2020 em y0chiy50 ea | |
| 101 | 0 | @achi |
| 102 | @aCN@b110000 | |
| 105 | @aak a 000yy | |
| 106 | @ar | |
| 200 | 1 | @aNB-IoT原理和优化@ANB-IoT yuan li he you hua@d= NB-IoT principle and optimization@f主编陈铭@zeng |
| 210 | @a北京@c人民邮电出版社@d2020.01 | |
| 215 | @a335页@c图@d26cm | |
| 314 | @a陈铭, 毕业于北京邮电大学, 现任中邮建技术有限公司总工程师兼副总经理。 | |
| 320 | @a有书目 (第335页) | |
| 330 | @a本书以NB-IoT网络的原理和目前的应用为出发点, 通过大量的实例详细介绍了NB-Iot网络的基本原理、网络结构以及基站安装、网络维护、网络优化各项工作的要点与细节, 最后重点阐述了NB-Iot在5G时代的发展, 展望了后续5G时代NB-IoT的发展和应用。 | |
| 510 | 1 | @aNB-IoT principle and optimization@zeng |
| 606 | 0 | @a互联网络@Ahu lian wang luo@x应用 |
| 606 | 0 | @a智能技术@Azhi neng ji shu@x应用 |
| 690 | @aTP393.4@v5 | |
| 690 | @aTP18@v5 | |
| 701 | 0 | @a陈铭@Achen ming@4主编 |
| 801 | 0 | @aCN@c20200115 |
| 905 | @a河南城建学院图书馆@dTP393.4@eC512 | |
| NB-IoT原理和优化= NB-IoT principle and optimization/主编陈铭.-北京:人民邮电出版社,2020.01 |
| 335页:图;26cm |
| ISBN 978-7-115-52180-4:CNY128.00 |
| 本书以NB-IoT网络的原理和目前的应用为出发点, 通过大量的实例详细介绍了NB-Iot网络的基本原理、网络结构以及基站安装、网络维护、网络优化各项工作的要点与细节, 最后重点阐述了NB-Iot在5G时代的发展, 展望了后续5G时代NB-IoT的发展和应用。 |
| ● |
| 相关链接 |
|
|
|
正题名:NB-IoT原理和优化
索取号:TP393.4/C512
 
预约/预借
| 序号 | 登录号 | 条形码 | 馆藏地/架位号 | 状态 | 备注 |
| 1 | 1491210 | 214912102 | 自科库301/301自科库 133排1列6层/ [索取号:TP393.4/C512] | 在馆 |